| 000 | 00536 a2200169 4500 | ||
|---|---|---|---|
| 999 |
_c7551 _d7551 |
||
| 020 | _a9788131525098 | ||
| 050 | _aHF 5387 FER 2013 | ||
| 100 |
_aFerell O. C _eauthor |
||
| 245 |
_aBusiness ethics : _bethical decision making and cases / _cO C Ferrell |
||
| 264 |
_aMason : _bSouth-Western/Cengage Learning, _c 2013. |
||
| 300 | _a514p.: | ||
| 500 | _aincludes appendix and index. | ||
| 650 |
_aBusiness ethics. _xCase studies. |
||
| 700 |
_a John Fraedrich _eauthor |
||
| 700 |
_aLinda Ferrell _eauthor |
||
| 942 |
_2lcc _cBK _h5387 _iFER _kHF |
||